000 00440nam a2200157 i 4500
001 bgj
245 0 0 _aMigrations CASS. AUDIO /
_cdirected by Paweł Stasiak.
260 _bFundacja Kopernikańska w Polsce,
_c?=
_bThe World of English.
300 _a1 audio cassette.
650 9 _aEnglish language
700 1 _aSTASIAK, Paweł.
_edirector
040 _cBPK
041 0 _aeng
942 _cKS
008 s uk f |000 0 eng
999 _c50898
_d50898
856 _uhttp://koha.tu.koszalin.pl/cgi-bin/koha/opac-detail.pl?biblionumber=50898
_yKatalog online BPK